000 00857nam a2200229 a 4500
001 55334
003 BD-RjUL
005 20220313154347.0
008 161116s1975 bg ||||| |||| 00| 0 ben d
035 _a(BD-RjUL)55456
040 _aBD-RjUL
_bben
_cBD-RjUL
041 _aben
082 _223
_a891.441
_bDOS 1975
100 _aদোনাগাজী
_9164848
245 1 0 _aসয়ফুলমুলুক-বদিউজ্জামাল /
_cদোনাগাজী, আহমদ শরীফ সম্পাদিত
260 _aঢাকা :
_bবাংলা একাডেমী,
_c১৯৭৫.
300 _a৪৭৬ পৃ. ;
_c২৩ সেমি.
650 _aবাংলা কবিতা
_9164849
650 _aBengali Poetry
_9164850
700 _aশরী্ফ, আহমদ
_qসম্পাদিত
_91849
942 _2ddc
_cBK
999 _c55334
_d55334